TUTORIAL PHARMACY (COOPER) (Record no. 269274)

MARC details
000 -LEADER
fixed length control field 00331pam a2200133a 44500
008 - FIXED-LENGTH DATA ELEMENTS--GENERAL INFORMATION
fixed length control field 230405s2005 xxu||||| |||| 00| 0 eng d
041 ## - LANGUAGE CODE
Language code of text/sound track or separate title ENG
100 ## - MAIN ENTRY--PERSONAL NAME
Personal name CARTER S J
245 ## - TITLE STATEMENT
Title TUTORIAL PHARMACY (COOPER)
250 ## - EDITION STATEMENT
Edition statement 1
260 ## - PUBLICATION, DISTRIBUTION, ETC.
Place of publication, distribution, etc. NEW YORK
Name of publisher, distributor, etc. WILEY INTERSCIENCE PUBLICATION NEW YORK
Date of publication, distribution, etc. 2005
300 ## - PHYSICAL DESCRIPTION
Extent 469
906 ## - LOCAL DATA ELEMENT F, LDF (RLIN)
a 3835
Holdings
Withdrawn status Lost status Damaged status Not for loan Collection Home library Current library Date acquired Source of acquisition Cost, normal purchase price Total Checkouts Full call number Barcode Date last seen Price effective from Koha item type
          College of Pharmacy, Kolhapur College of Pharmacy, Kolhapur 14/04/2023 SAI BOOK CENTRE 225.00   615.45 PCK-M-1183 14/04/2023 14/04/2023 Book
          College of Pharmacy, Kolhapur College of Pharmacy, Kolhapur 14/04/2023 SAI BOOK CENTRE 225.00   615.45 PCK-M-1179 14/04/2023 14/04/2023 Book
          College of Pharmacy, Kolhapur College of Pharmacy, Kolhapur 14/04/2023 SAI BOOK CENTRE 225.00   615.45 PCK-M-1175 14/04/2023 14/04/2023 Book